000 00309 a2200157 4500
001 162478
020 _a
040 _cMagnum
100 _aVazquez, Adolfo Sanchez
240 1 0 _aEtica
_lpor
245 1 0 _aEtica
362 0 _a1899
440 1 _aCivilização Brasileira
697 _aGERAL
942 _cBK
999 _c162478
_d162478